000 01308cam a2200301 a 4500
001 000010550
005 20200929162240.0
008 890213s1988 ck b 001 0bspa
035 _a(DLC) 89113550
040 _aDO-SdBNP
_bspa
_cDLC
_dBNPHU
082 _a861.4
_bA578
245 0 0 _aAnécdotas y poesías satíricas de Miguel Antonio Caro /
_cedición, introducción y notas de Guillermo Hernández Penalosa.
260 _aBogotá, (Colombia) :
_bInstituto Caro y Cuervo,
_c1988.
300 _a299 p. ;
_c21 cm.
490 1 _a"La Granada entreabierta"
_v47
500 _aContains anecdotes by various authors and an anthology of poems by Miguel Antonio Caro.
504 _aIncluye referencias bibliográficas y notas al pie de las páginas.
650 4 _aPoesía colombiana
_93742
650 4 _aSátira colombiana
_925587
650 4 _aLiteratura colombiana
_91244
600 1 4 _aCARO, MIGUEL ANTONIO,
_d1843-1909
_xANÉCDOTAS, CHISTES, SÁTIRAS, ETC...
_xCRÍTICA E INTERPRETACIÓN
_925588
650 4 _aAutores colombianos
_ySIGLO XIX
_xAnécdotas
_925589
700 1 _aHernández Peñalosa, Guillermo,
_eed.
_96258
700 1 _aCaro, Miguel Antonio,
_d1843-1909.
_tPOEMAS
_f1988.
_925590
830 0 _a"La Granada entreabierta" ;
_v47
_914721
910 _aCatalogación por copia / LC
049 _aBNGR
999 _c10308
_d10308